000 00357 a2200169 4500
001 190490
020 _a978-85-249-2078-3
040 _cMagnum
100 _aHiratsuka, Lucia
240 1 0 _aNa janela do trem
_lpor
245 1 0 _aNa janela do trem
300 _a40
362 0 _a2013
440 1 _aCortez
697 _aLITERATURA INFANTIL
942 _cBK
999 _c190490
_d190490